[Event "DVM U16 2009"]
[Site "Verden/Aller GER"]
[Date "2009.12.29"]
[Round "6"]
[White "Bauschmann, Christoph"]
[Black "Schreyer, Erik"]
[Result "1/2-1/2"]
[Termination "normal"]
[Board "6.2"]
[WhiteElo "1860"]
[BlackElo "1821"]
[WhiteTeam "Stader Schachverein"]
[BlackTeam "SV 1949 Herzogenrath"]
[PlyCount "117"]
[WhiteFideId "24603414"]
[BlackFideId "24603210"]
[EventCountry "GER"]
[EventRounds "7"]
[EventType "team-swiss"]
[EventDate "2009.12.26"]

1. e4 d5 2. exd5 Qxd5 3. Nc3 Qa5 4. d4 Nf6 5. Nf3 Bf5 6. Bc4 e6 7. Bd2 c6 8.
Qe2 Qc7 9. O-O-O Nbd7 10. Ne5 Nb6 11. Bb3 O-O-O 12. Bf4 Bd6 13. Bg3 Nbd5 14.
Nxd5 exd5 15. c3 Rhe8 16. Bc2 Ne4 17. Bh4 f6 18. f3 Bg4 19. fxg4 g5 20. Bxe4
gxh4 21. Bf5+ Kb8 22. Nxc6+ bxc6 23. Qf2 Bf4+ 24. Kb1 Bg5 25. h3 h6 26. Rhe1
Qf7 27. g3 hxg3 28. Qxg3+ Qc7 29. Qxc7+ Kxc7 30. Kc2 Kd6 31. Bg6 Rg8 32. Bf5
Rge8 33. Kd3 Bh4 34. Rxe8 Rxe8 35. Rd2 Bg5 36. Re2 Rxe2 37. Kxe2 c5 38. Kd3
cxd4 39. Kxd4 Bh4 40. Bc8 Bf2+ 41. Kd3 Kc5 42. b4+ Kd6 43. a4 Kc7 44. Bf5 Kd6
45. a5 Kc7 46. b5 Kd6 47. a6 Kc5 48. Bd7 Kb6 49. Bc6 Kc5 50. Ke2 Bh4 51. Bxd5
Kxb5 52. Bb7 Kc4 53. Kd2 Bg5+ 54. Kc2 Kc5 55. Kd3 Bh4 56. c4 Bg5 57. Bc8 Bh4
58. Bd7 Bg5 59. Bb5 1/2-1/2

[Event "DVM U16 2009"]
[Site "Verden/Aller GER"]
[Date "2009.12.29"]
[Round "6"]
[White "Jerinic, Milan"]
[Black "Evers, Annika"]
[Result "1/2-1/2"]
[Termination "normal"]
[Board "6.3"]
[WhiteElo "1552"]
[BlackElo "1676"]
[WhiteTeam "SV 1949 Herzogenrath"]
[BlackTeam "Stader Schachverein"]
[PlyCount "41"]
[BlackFideId "24691933"]
[EventCountry "GER"]
[EventRounds "7"]
[EventType "team-swiss"]
[EventDate "2009.12.26"]

1. d4 d5 2. c4 c6 3. Nc3 Nf6 4. e3 a6 5. Nf3 Bf5 6. Bd3 Bxd3 7. Qxd3 e6 8. O-O
Bd6 9. Re1 O-O 10. e4 Bb4 11. e5 Ne4 12. a3 Nxc3 13. bxc3 Be7 14. Bd2 b5 15.
cxb5 axb5 16. Qc2 Nd7 17. a4 Rxa4 18. Rxa4 bxa4 19. Qxa4 Qa8 20. Ra1 Nb6 21.
Qxa8 1/2-1/2

[Event "DVM U16 2009"]
[Site "Verden/Aller GER"]
[Date "2009.12.29"]
[Round "6"]
[White "Meyer, Christoph"]
[Black "Palmen, Niklas"]
[Result "1/2-1/2"]
[Termination "normal"]
[Board "6.4"]
[WhiteElo "1591"]
[BlackElo "1615"]
[WhiteTeam "Stader Schachverein"]
[BlackTeam "SV 1949 Herzogenrath"]
[PlyCount "124"]
[WhiteFideId "1270490"]
[EventCountry "GER"]
[EventRounds "7"]
[EventType "team-swiss"]
[EventDate "2009.12.26"]

1. d4 Nf6 2. c4 e6 3. Nc3 Bb4 4. Nf3 b6 5. Bd2 Bb7 6. e3 O-O 7. Bd3 d5 8. cxd5
Nxd5 9. Nxd5 Bxd2+ 10. Qxd2 Bxd5 11. e4 Bb7 12. O-O Nd7 13. Rfe1 Rc8 14. Rad1
Qf6 15. e5 Qe7 16. Qe3 Rfd8 17. Be4 Bxe4 18. Qxe4 c6 19. Re2 Nb8 20. Red2 Na6
21. a3 Rd5 22. b4 Nc7 23. Rc1 Qd7 24. Rd3 Ra8 25. Rdc3 Nb5 26. Rxc6 Nxa3 27.
Rc7 Qd8 28. Qf4 Rd7 29. Qe4 Rxc7 30. Rxc7 Nb5 31. Rc1 Rc8 32. Rxc8 Qxc8 33. h3
h6 34. Qe2 Qd7 35. Qd2 Qd5 36. Kf1 Qc4+ 37. Ke1 Kf8 38. g4 Qc3 39. Qxc3 Nxc3
40. Kd2 Nd5 41. Kd3 Nxb4+ 42. Kc4 Nd5 43. Kb5 a5 44. Nd2 f6 45. Nc4 Kf7 46. h4
Kg6 47. h5+ Kg5 48. Nxb6 Nxb6 49. Kxb6 a4 50. d5 a3 51. exf6 gxf6 52. dxe6 a2
53. e7 a1=Q 54. e8=Q Qd4+ 55. Kb7 Qb4+ 56. Kc8 Qxg4+ 57. Kb7 Qf3+ 58. Ka6 Qa3+
59. Kb7 Qb2+ 60. Ka6 Qa3+ 61. Kb7 Qb4+ 62. Ka6 Qd6+ 1/2-1/2

[Event "DVM U16 2009"]
[Site "Verden/Aller GER"]
[Date "2009.12.29"]
[Round "6"]
[White "Weißbeck, Simon"]
[Black "Nguyen Minh, Thuy"]
[Result "1-0"]
[Termination "normal"]
[Board "7.1"]
[WhiteElo "1992"]
[BlackElo "1915"]
[WhiteTeam "Heilbronner Schachverein"]
[BlackTeam "USG Chemnitz"]
[PlyCount "55"]
[WhiteFideId "24646865"]
[BlackFideId "24672688"]
[EventCountry "GER"]
[EventRounds "7"]
[EventType "team-swiss"]
[EventDate "2009.12.26"]

1. e4 e6 2. d4 d5 3. e5 c5 4. c3 Nc6 5. Nf3 Qb6 6. a3 Be7 7. b4 cxb4 8. cxb4 a6
9. Bb2 f6 10. exf6 Bxf6 11. Ne5 Nge7 12. Bd3 Bxe5 13. dxe5 Rf8 14. O-O g6 15.
Nc3 Nf5 16. Na4 Qc7 17. Rc1 b5 18. Nc5 Qb6 19. Qb3 Ke7 20. Qc3 Nd8 21. Qd2 Rf7
22. Bxf5 Rxf5 23. Bd4 Qb8 24. Nd3 Bb7 25. Bc5+ Ke8 26. Bd6 Qa7 27. Rc7 Rf7 28.
Qh6 1-0

[Event "DVM U16 2009"]
[Site "Verden/Aller GER"]
[Date "2009.12.29"]
[Round "6"]
[White "Wenninger, Philipp"]
[Black "Matschewsky, Justus"]
[Result "1-0"]
[Termination "normal"]
[Board "7.3"]
[WhiteElo "1988"]
[BlackElo "1731"]
[WhiteTeam "Heilbronner Schachverein"]
[BlackTeam "USG Chemnitz"]
[PlyCount "65"]
[WhiteFideId "4648404"]
[BlackFideId "24678708"]
[EventCountry "GER"]
[EventRounds "7"]
[EventType "team-swiss"]
[EventDate "2009.12.26"]

1. e4 e5 2. Nf3 Nc6 3. Bc4 Bc5 4. b4 Bxb4 5. c3 Ba5 6. d4 exd4 7. O-O Nge7 8.
Ng5 Ne5 9. Nxf7 Nxf7 10. Bxf7+ Kxf7 11. Qh5+ Ng6 12. Qxa5 d6 13. Bg5 Qd7 14.
cxd4 Re8 15. Nc3 c6 16. f3 Kg8 17. d5 c5 18. Qb5 a6 19. Qb6 Ne5 20. a4 Nc4 21.
Qb3 Na5 22. Qb2 Qc7 23. Rab1 Rb8 24. Qe2 Bd7 25. Rb2 c4 26. f4 b5 27. axb5 axb5
28. f5 Rf8 29. f6 g6 30. f7+ Rxf7 31. Rxf7 Kxf7 32. Qf3+ Kg8 33. Rf2 1-0

[Event "DVM U16 2009"]
[Site "Verden/Aller GER"]
[Date "2009.12.29"]
[Round "6"]
[White "Jentzsch, Jakob"]
[Black "Usov, Andreas"]
[Result "1/2-1/2"]
[Termination "normal"]
[Board "7.4"]
[WhiteElo "1525"]
[BlackElo "1472"]
[WhiteTeam "USG Chemnitz"]
[BlackTeam "Heilbronner Schachverein"]
[PlyCount "84"]
[BlackFideId "24601713"]
[EventCountry "GER"]
[EventRounds "7"]
[EventType "team-swiss"]
[EventDate "2009.12.26"]

1. e4 e6 2. d4 d5 3. exd5 exd5 4. c4 Nf6 5. Nc3 Be7 6. Bd3 dxc4 7. Bxc4 Nbd7 8.
Bf4 c6 9. Nf3 Nb6 10. Bb3 Nbd5 11. Bxd5 Nxd5 12. Nxd5 Qxd5 13. h3 Bb4+ 14. Bd2
Qe4+ 15. Qe2 Qxe2+ 16. Kxe2 Bxd2 17. Kxd2 O-O 18. Rhe1 Be6 19. Ng5 Bd5 20. f3
h6 21. Ne4 Rad8 22. Kc3 b6 23. b4 Rfe8 24. a4 Kf8 25. Rad1 Re6 26. Re2 Rde8 27.
Rde1 a6 28. Ng3 Rc8 29. Ne4 Ra8 30. Rb1 b5 31. a5 Bc4 32. Ree1 Rae8 33. Kd2 Rg6
34. g4 Rd8 35. Kc3 Bd5 36. Re3 Bxe4 37. fxe4 Re6 38. Rd1 Rc8 39. Red3 f6 40.
Kd2 Rce8 41. Re1 Kf7 42. Kc3 Rd8 1/2-1/2

[Event "DVM U16 2009"]
[Site "Verden/Aller GER"]
[Date "2009.12.29"]
[Round "6"]
[White "Kremser, Michael"]
[Black "Kuhlemann, Alexander"]
[Result "0-1"]
[Termination "normal"]
[Board "8.1"]
[WhiteElo "1910"]
[BlackElo "1855"]
[WhiteTeam "Schachgemeinschaft Porz"]
[BlackTeam "SC 1868 Bamberg"]
[PlyCount "86"]
[WhiteFideId "1270131"]
[EventCountry "GER"]
[EventRounds "7"]
[EventType "team-swiss"]
[EventDate "2009.12.26"]

1. d4 e6 2. c4 f5 3. g3 Nf6 4. Bg2 Be7 5. Nf3 O-O 6. O-O d6 7. Nc3 Qe8 8. Qd3
Qg6 9. b3 a5 10. e3 Na6 11. a3 Ne4 12. Nd2 Nxd2 13. Bxd2 c6 14. e4 fxe4 15.
Bxe4 Qh5 16. f4 d5 17. Bf3 Qf7 18. c5 Nc7 19. Rae1 Bd7 20. Re3 Bf6 21. Rfe1
Rfe8 22. Na4 Nb5 23. Bc3 g6 24. Nb6 Rad8 25. Bg4 Qg7 26. Nxd7 Rxd7 27. Rxe6
Rde7 28. Rxe7 Rxe7 29. Rxe7 Qxe7 30. Bxa5 Bxd4+ 31. Kf1 Bxc5 32. b4 Ba7 33. a4
Nd6 34. b5 Nc4 35. Bd2 Qc5 36. Be6+ Kf8 37. Kg2 Qf2+ 38. Kh3 Qxd2 39. Qf3 Bg1
40. Qh1 Qf2 41. Bc8 Ne3 42. bxc6 Qe2 43. g4 Qf1+ 0-1

[Event "DVM U16 2009"]
[Site "Verden/Aller GER"]
[Date "2009.12.29"]
[Round "6"]
[White "Seubert, Lukas"]
[Black "Schell, Samuel"]
[Result "1/2-1/2"]
[Termination "normal"]
[Board "8.4"]
[WhiteElo "1557"]
[BlackElo "1475"]
[WhiteTeam "SC 1868 Bamberg"]
[BlackTeam "Schachgemeinschaft Porz"]
[PlyCount "40"]
[EventCountry "GER"]
[EventRounds "7"]
[EventType "team-swiss"]
[EventDate "2009.12.26"]

1. c4 g6 2. Nc3 Bg7 3. Nf3 d6 4. g3 e5 5. Bg2 Nf6 6. O-O O-O 7. d3 Bg4 8. Nd2
Nc6 9. Nde4 Nxe4 10. Nxe4 Qd7 11. Bh6 Nd4 12. f3 Bh3 13. Bxg7 Kxg7 14. Qd2 Bxg2
15. Kxg2 f5 16. Nc3 c6 17. Rae1 Rae8 18. e3 Ne6 19. d4 Rf7 20. Rd1 Qc7 1/2-1/2

[Event "DVM U16 2009"]
[Site "Verden/Aller GER"]
[Date "2009.12.29"]
[Round "6"]
[White "Biesel, Mario"]
[Black "Viereck, Marten"]
[Result "1-0"]
[Termination "normal"]
[Board "9.1"]
[WhiteElo "1523"]
[BlackElo "1933"]
[WhiteTeam "SC Turm Illingen"]
[BlackTeam "SV Dresden-Striesen"]
[PlyCount "87"]
[WhiteFideId "12910252"]
[BlackFideId "24692190"]
[EventCountry "GER"]
[EventRounds "7"]
[EventType "team-swiss"]
[EventDate "2009.12.26"]

1. c4 c5 2. Nc3 Nc6 3. Nf3 Nf6 4. g3 g6 5. Bg2 Bg7 6. d4 cxd4 7. Nxd4 O-O 8.
O-O Qb6 9. Nxc6 dxc6 10. Rb1 Be6 11. b3 Rad8 12. Qc2 Qc7 13. Bf4 Qc8 14. Rbd1
Bh3 15. e4 Bxg2 16. Kxg2 Qe6 17. f3 Nh5 18. Be3 Qe5 19. Ne2 Qb2 20. Qxb2 Bxb2
21. Bxa7 Ra8 22. Rd2 Bf6 23. Bc5 Ng7 24. f4 Ne6 25. Be3 g5 26. e5 gxf4 27. gxf4
Bg7 28. f5 Rfd8 29. fxe6 Rxd2 30. exf7+ Kf8 31. Bxd2 Rxa2 32. Rd1 Bxe5 33. Bh6+
Kxf7 34. Rd2 Ra3 35. Nc1 Ra8 36. Nd3 Rg8+ 37. Kh3 Bf6 38. Nc5 b5 39. cxb5 cxb5
40. Ne4 Rg6 41. Bf4 Bg7 42. Ng5+ Kg8 43. Rd8+ Bf8 44. Nxh7 1-0

[Event "DVM U16 2009"]
[Site "Verden/Aller GER"]
[Date "2009.12.29"]
[Round "6"]
[White "Zenziper, Leo Robert"]
[Black "Kuhn, Patrick"]
[Result "0-1"]
[Termination "normal"]
[Board "9.2"]
[WhiteElo "1429"]
[BlackElo "1617"]
[WhiteTeam "SV Dresden-Striesen"]
[BlackTeam "SC Turm Illingen"]
[PlyCount "122"]
[BlackFideId "12910260"]
[EventCountry "GER"]
[EventRounds "7"]
[EventType "team-swiss"]
[EventDate "2009.12.26"]

1. e4 c5 2. Nc3 Nc6 3. f4 e6 4. Nf3 d5 5. e5 d4 6. Ne4 b6 7. Bb5 Bb7 8. d3 a6
9. Bxc6+ Bxc6 10. Qe2 Be7 11. O-O Nh6 12. Ng3 O-O 13. f5 Nxf5 14. Nxf5 exf5 15.
Bd2 Bd5 16. c3 dxc3 17. Bxc3 Rc8 18. a3 Qd7 19. Rad1 Qb7 20. Kh1 b5 21. b4 cxb4
22. Bxb4 Bxb4 23. axb4 Qe7 24. Qb2 Rfe8 25. Rde1 Rc7 26. Nd4 g6 27. Nf3 Rec8
28. Rc1 Bxf3 29. gxf3 Rxc1 30. Rxc1 Rxc1+ 31. Qxc1 Qxb4 32. Qc8+ Kg7 33. Qxa6
Qe1+ 34. Kg2 Qe2+ 35. Kg3 Qxd3 36. Qa1 f6 37. Qa7+ Kh6 38. Qc5 Kh5 39. Qe7 f4+
40. Kg2 Qc2+ 41. Kg1 Qc1+ 42. Kg2 Qb2+ 43. Kh1 h6 44. Qc5 Qxe5 45. Qg1 f5 46.
Qf1 g5 47. h3 Qd5 48. Qe2 Qc4 49. Qe1 Qc6 50. Kg2 g4 51. hxg4+ fxg4 52. Qe5+
Kg6 53. Kg1 Qc1+ 54. Kg2 Qd2+ 55. Kg1 Qd1+ 56. Kh2 Qd2+ 57. Kh1 Qc1+ 58. Kh2
Qc2+ 59. Kh1 Qb1+ 60. Kh2 g3+ 61. Kh3 Qf5+ 0-1

[Event "DVM U16 2009"]
[Site "Verden/Aller GER"]
[Date "2009.12.29"]
[Round "6"]
[White "Weiler, Philipp"]
[Black "Leithold, Christian"]
[Result "0-1"]
[Termination "normal"]
[Board "9.3"]
[WhiteElo "1339"]
[BlackElo "1338"]
[WhiteTeam "SC Turm Illingen"]
[BlackTeam "SV Dresden-Striesen"]
[PlyCount "78"]
[EventCountry "GER"]
[EventRounds "7"]
[EventType "team-swiss"]
[EventDate "2009.12.26"]

1. e4 e5 2. Nf3 Nc6 3. d4 exd4 4. Nxd4 Nxd4 5. Qxd4 d6 6. Bd3 Be6 7. O-O Nf6 8.
Bg5 Be7 9. Nc3 h6 10. Bh4 c5 11. Bb5+ Bd7 12. Qa4 a6 13. Bxd7+ Qxd7 14. Qxd7+
Nxd7 15. Bg3 O-O 16. Nd5 Bd8 17. Bxd6 Re8 18. Rfe1 b5 19. f3 c4 20. Rad1 Nb6
21. Bc5 Na4 22. Bd4 Rb8 23. b3 cxb3 24. cxb3 Nb6 25. Nb4 Ra8 26. Rc1 a5 27. Nd3
a4 28. Rc6 Re6 29. Rxe6 fxe6 30. Nc5 Kf7 31. Rc1 axb3 32. axb3 Bg5 33. Rc2 Rd8
34. Nxe6 Rxd4 35. Nxd4 Be3+ 36. Kf1 Bxd4 37. Ke2 b4 38. Kd3 Bc3 39. Ra2 Nd7 0-1

[Event "DVM U16 2009"]
[Site "Verden/Aller GER"]
[Date "2009.12.29"]
[Round "6"]
[White "Hanisch, Paul"]
[Black "Küneke, Niklas"]
[Result "1-0"]
[Termination "normal"]
[Board "9.4"]
[WhiteElo "1361"]
[BlackElo "1173"]
[WhiteTeam "SV Dresden-Striesen"]
[BlackTeam "SC Turm Illingen"]
[PlyCount "51"]
[EventCountry "GER"]
[EventRounds "7"]
[EventType "team-swiss"]
[EventDate "2009.12.26"]

1. b3 e5 2. Bb2 Nc6 3. e3 d5 4. Bb5 Bd6 5. f4 f6 6. Bxc6+ bxc6 7. fxe5 fxe5 8.
Bxe5 Qe7 9. Bxd6 cxd6 10. Nf3 Nf6 11. O-O Ba6 12. Re1 O-O 13. d3 Rae8 14. Nbd2
Ng4 15. e4 dxe4 16. Rxe4 Ne5 17. Nxe5 dxe5 18. Nf3 Rf4 19. Rxe5 Qf7 20. Rxe8+
Qxe8 21. Qe1 Qf8 22. Qe6+ Rf7 23. Ng5 Qe7 24. Qxf7+ Qxf7 25. Nxf7 Kxf7 26. Re1
1-0

[Event "DVM U16 2009"]
[Site "Verden/Aller GER"]
[Date "2009.12.29"]
[Round "6"]
[White "Mao, Kevin"]
[Black "Schulz, Anja"]
[Result "1/2-1/2"]
[Termination "normal"]
[Board "10.1"]
[WhiteElo "1706"]
[BlackElo "1996"]
[WhiteTeam "SK 1980 Gernsheim"]
[BlackTeam "SV Muldental Wilkau-Haßlau"]
[PlyCount "66"]
[WhiteFideId "1271183"]
[BlackFideId "24647845"]
[EventCountry "GER"]
[EventRounds "7"]
[EventType "team-swiss"]
[EventDate "2009.12.26"]

1. e4 c5 2. Nf3 Nc6 3. c3 Nf6 4. Bd3 d5 5. e5 Ng4 6. Bb5 Qc7 7. d4 e6 8. a3 h5
9. h3 Nh6 10. b4 cxb4 11. axb4 Bd7 12. Bd3 Rc8 13. O-O a6 14. Nh4 Na7 15. Bf4
Nf5 16. Nxf5 exf5 17. Re1 Be6 18. Bd2 Qb6 19. Qb3 Nc6 20. Na3 Bxb4 21. cxb4
Nxb4 22. Qa4+ Bd7 23. Qd1 Nc2 24. Kh1 Nxa1 25. Qxa1 O-O 26. Nc2 g6 27. Bb4 Qc7
28. Bc5 Rfe8 29. Qd1 Ba4 30. f4 b6 31. Bd6 Bxc2 32. Bxc7 Bxd1 33. Rxd1 Rxc7
1/2-1/2

[Event "DVM U16 2009"]
[Site "Verden/Aller GER"]
[Date "2009.12.29"]
[Round "6"]
[White "Schuffenhauer, Robert"]
[Black "Di Capua, Francesco Stefano"]
[Result "1/2-1/2"]
[Termination "normal"]
[Board "10.2"]
[WhiteElo "1629"]
[BlackElo "1583"]
[WhiteTeam "SV Muldental Wilkau-Haßlau"]
[BlackTeam "SK 1980 Gernsheim"]
[PlyCount "56"]
[WhiteFideId "1270108"]
[BlackFideId "24698903"]
[EventCountry "GER"]
[EventRounds "7"]
[EventType "team-swiss"]
[EventDate "2009.12.26"]

1. d4 d5 2. c4 dxc4 3. Nf3 Nf6 4. Nc3 e6 5. Bg5 Be7 6. e3 O-O 7. Bxc4 a6 8. Qc2
Nc6 9. a3 h6 10. Bxf6 Bxf6 11. O-O b5 12. Bd3 Bb7 13. Ne4 Be7 14. Rfd1 Rc8 15.
b4 Bd6 16. Nc5 Bxc5 17. dxc5 Qf6 18. Be4 Rcd8 19. Rab1 Rxd1+ 20. Qxd1 Rd8 21.
Qc2 Rd7 22. h3 e5 23. Rd1 Nxb4 24. Bh7+ Kh8 25. axb4 Rxd1+ 26. Qxd1 Bxf3 27.
gxf3 Kxh7 28. Kh2 Qh4 1/2-1/2

[Event "DVM U16 2009"]
[Site "Verden/Aller GER"]
[Date "2009.12.29"]
[Round "6"]
[White "Rothermel, Tim"]
[Black "Ahlswede, Christian"]
[Result "1-0"]
[Termination "normal"]
[Board "10.3"]
[WhiteElo "1773"]
[BlackElo "1437"]
[WhiteTeam "SK 1980 Gernsheim"]
[BlackTeam "SV Muldental Wilkau-Haßlau"]
[PlyCount "79"]
[WhiteFideId "24660647"]
[EventCountry "GER"]
[EventRounds "7"]
[EventType "team-swiss"]
[EventDate "2009.12.26"]

1. e4 e5 2. f4 d6 3. Nf3 Nc6 4. Bc4 Nf6 5. d3 Be7 6. O-O a6 7. a3 b5 8. Ba2 Bb7
9. Nc3 Nd7 10. Qe1 Na7 11. fxe5 dxe5 12. Be3 O-O 13. Qg3 Nc6 14. Ng5 Bxg5 15.
Bxg5 Qb8 16. Bh6 g6 17. Bxf8 Qa7+ 18. Qf2 Qxf2+ 19. Rxf2 Rxf8 20. Raf1 Nd8 21.
Nd5 Bxd5 22. Bxd5 c6 23. Ba2 Kg7 24. c3 Nc5 25. Rf3 f6 26. Kf2 Na4 27. Rb1 Nb7
28. Ke3 Rd8 29. d4 Re8 30. d5 c5 31. Ke2 Nd6 32. Ke3 Rc8 33. Rf2 c4 34. g4 h6
35. Rbf1 Rf8 36. h4 g5 37. hxg5 hxg5 38. Rh2 Rh8 39. Rxh8 Kxh8 40. Rxf6 1-0

[Event "DVM U16 2009"]
[Site "Verden/Aller GER"]
[Date "2009.12.29"]
[Round "6"]
[White "Range, Felix"]
[Black "Fornoff, Robin"]
[Result "0-1"]
[Termination "normal"]
[Board "10.4"]
[WhiteElo "1274"]
[BlackElo "1426"]
[WhiteTeam "SV Muldental Wilkau-Haßlau"]
[BlackTeam "SK 1980 Gernsheim"]
[PlyCount "72"]
[WhiteFideId "12905623"]
[BlackFideId "24698890"]
[EventCountry "GER"]
[EventRounds "7"]
[EventType "team-swiss"]
[EventDate "2009.12.26"]

1. e4 e5 2. Nf3 Nc6 3. Bb5 a6 4. Ba4 Nf6 5. O-O Nxe4 6. Re1 Nc5 7. Bxc6 dxc6 8.
Nxe5 Be6 9. d4 Nd7 10. Nf3 Nf6 11. Ng5 Qd7 12. Nxe6 fxe6 13. c4 O-O-O 14. Be3
e5 15. Qc2 exd4 16. Rd1 Qe6 17. Qd3 Bc5 18. Bf4 Rhe8 19. Nd2 Rd7 20. Nf3 Qe4
21. Qxe4 Rxe4 22. Be5 d3 23. Bc3 Ng4 24. Nd2 Bxf2+ 25. Kh1 Re2 26. h3 Ne3 27.
Rdc1 Rf7 28. Ne4 Nxg2 29. Nxf2 Rfxf2 30. Bd4 Ne3 31. Bxe3 Rxe3 32. Rc3 Rxh3+
33. Kg1 Rxb2 34. Rd1 Rxa2 35. Rdxd3 Rxd3 36. Rxd3 Ra4 0-1